La Planada: el imperio de las Epífitas: (Registro nro. 835)

Detalles MARC
000 -CABECERA
Campo de control 01106nam a2200325 a 4500
005 - FECHA Y HORA DE LA ULTIMA TRANSACCION
Campo de control 20200104041515.0
008 - ELEMENTOS DE LONGITUD FIJA—INFORMACION GENERAL
Campo de control 140224b1996 ck ||||| |||| 00| 0 spa d
040 ## - FUENTE DE CATALOGACIÓN
Agencia catalogadora original CO-BoIAVH
Agencia transcriptora CO-BoIAVH
041 ## - IDIOMA
Código de idioma para texto/pista de sonido o título separado Español
044 ## - PAÍS DE PUBLICACIÓN
País de publicación Colombia
090 ## - CLASIFICACIÓN LOCAL
Colección FG-
Consecutivo 0259
100 1# - ASIENTO PRINCIPAL--NOMBRE PERSONAL
Nombre personal Calle, Zoraida
9 (RLIN) 5697
110 ## - ASIENTO PRINCIPAL--NOMBRE CORPORATIVO
Nombre corporativo o de jurisdicción como elemento de entrada Fundacion FES
9 (RLIN) 8403
245 ## - MENCION DE TITULO
Título La Planada: el imperio de las Epífitas:
Parte restante del título Guía para el Sendero Natural El Tejón, Reserva Natural La Planada
260 ## - PUBLICACION, DISTRIBUCION, ETC. (PIE DE IMPRENTA)
Lugar de publicación, distribución, etc. Cali:
Nombre del editor, distribuidor, etc. Fundación FES,
Fecha de publicación, distribución, etc. 1996.
300 ## - DESCRIPCION FISICA
Extensión folleto plegable
Otros detalles físicos ilustraciones y fotografias
Dimensiones 14 x 22 cm
650 ## - ASIENTO SECUNDARIO DE MATERIA - TERMINO TEMATICO
Término temático o nombre geográfico como elemento de entrada Epifitismo
9 (RLIN) 4782
650 ## - ASIENTO SECUNDARIO DE MATERIA - TERMINO TEMATICO
Término temático o nombre geográfico como elemento de entrada Bosque nublado
9 (RLIN) 3674
650 ## - ASIENTO SECUNDARIO DE MATERIA - TERMINO TEMATICO
Término temático o nombre geográfico como elemento de entrada Interacción planta-animal
9 (RLIN) 7459
650 ## - ASIENTO SECUNDARIO DE MATERIA - TERMINO TEMATICO
Término temático o nombre geográfico como elemento de entrada Conservación de biodiversidad
9 (RLIN) 345
662 ## - ASIENTO SECUNDARIO DE MATERIA - JERARQUIA DEL NOMBRE DE LUGAR(
País o entidad mayor Colombia
Jurisdicción política intermedia Reserva Natural La Planada
Jurisdicción política de primer orden Nariño
700 1# - ASIENTO SECUNDARIO - NOMBRE PERSONAL
Nombre personal Bello, Juan Carlos
9 (RLIN) 3704
700 1# - ASIENTO SECUNDARIO - NOMBRE PERSONAL
Nombre personal Valderrama A., Carlos
9 (RLIN) 4155
700 1# - ASIENTO SECUNDARIO - NOMBRE PERSONAL
Nombre personal Mendoza Cifuentes, Humberto
9 (RLIN) 4236
700 1# - ASIENTO SECUNDARIO - NOMBRE PERSONAL
Nombre personal Qualman, Sarah
9 (RLIN) 9396
700 1# - ASIENTO SECUNDARIO - NOMBRE PERSONAL
Nombre personal Escobar G., Pilar
9 (RLIN) 9397
700 1# - ASIENTO SECUNDARIO - NOMBRE PERSONAL
Nombre personal Amézquita, Pilar
9 (RLIN) 9398
700 1# - ASIENTO SECUNDARIO - NOMBRE PERSONAL
Nombre personal Ríos, Constanza
9 (RLIN) 9399
942 ## - ELEMENTOS ADICIONALES (KOHA)
Tipo de ítem Folleto
Sistema de clasificación Local
Existencias
Withdrawn status Lost status Sistema de Clasificación Damaged status No para préstamo Colección Ubicación Permanente Ubicación actual Fecha de adquisición Total Checkouts Número topográfico Inventario / Código de Barras Date last seen Ejemplar Price effective from Forma de adquisición Tipo de material
    Local     Hemeroteca Bogotá Bogotá 05/06/2017   FG-0259 041345 05/06/2017 Ej. 1 05/06/2017 Donación Folleto
    Local     Hemeroteca Bogotá Bogotá 12/03/2018   FG-0259 041402 12/03/2018 Ej. 2 12/03/2018 Donación Folleto